| 000 | 00427nam a2200169Ia 4500 | ||
|---|---|---|---|
| 008 | 190516s9999 xx 000 0 und d | ||
| 100 | _aGomez, Celeste | ||
| 245 | _a4 ways to boost your child's immune system/ | ||
| 245 | _cCeleste Gomez | ||
| 260 | _bManila Bulletin | ||
| 260 | _c2018 | ||
| 300 | _aMarch 3 | ||
| 440 | _aManila Bulletin | ||
| 650 | _ahealth | ||
| 650 | _ahealthy lifestyle | ||
| 650 | _aimmune system | ||
| 999 |
_c361866 _d361866 |
||